| 000 | 01131nam2a22002651 4500 | ||
|---|---|---|---|
| 001 | v19\rc\2027593 | ||
| 005 | 20251118181515.7 | ||
| 035 | _a(NLR Aleph) 005107786 | ||
| 090 |
_a7460474 _c7460474 |
||
| 100 | _a20080925d1916 u y0rusy50 ca | ||
| 101 | 0 | _arus | |
| 102 | _aRU | ||
| 105 | _ay z ||||| | ||
| 200 | 0 | _aВып. 1 | |
| 210 | _d1916 | ||
| 215 | _a[4], XII, 94 с. | ||
| 461 | 0 |
_1001v19\rc\2027592 _12001#$aРемесленные курсы для увечных воинов$eПример. пл. устройства курсов. Вып. 1-$fМ-во торг. и пром. Учеб. отдел$vВып. 1 _97460466 _cПетроград _d1916 _fМ-во торг. и пром. Учеб. отдел _nтип. Штаба Отд. корп. погр. стражи _oПример. пл. устройства курсов. Вып. 1- _tРемесленные курсы для увечных воинов _vВып. 1 |
|
| 801 | 0 |
_aRU _bNLR _gpsbo |
|
| 801 | 0 |
_aRU _bRuMoRGB _2psbo |
|
| 801 | 1 |
_aRU _bProSoft-M _2rusmarc |
|
| 852 |
_aNLR _j37.77.3.11 |
||
| 899 |
_aRuMoRGB _jΔ 521/169 |
||
| 899 | _aБАН | ||
| 942 | _cBOOK | ||
| 980 | _aNB | ||